Ecology : (رقم التسجيلة. 115642)

تفاصيل مارك
000 -LEADER
fixed length control field 01739cam a22003014a 4500
008 - FIXED-LENGTH DATA ELEMENTS--GENERAL INFORMATION
fixed length control field 031218s2005 mauab b 001 0 eng
010 ## - LIBRARY OF CONGRESS CONTROL NUMBER
LC control number 2003025674
020 ## - INTERNATIONAL STANDARD BOOK NUMBER
International Standard Book Number 0072439696 (hard : alk. paper)
040 ## - CATALOGING SOURCE
Original cataloging agency DLC
Transcribing agency DLC
Modifying agency DLC
050 00 - LIBRARY OF CONGRESS CALL NUMBER
Classification number QH541
Item number .M553 2005
082 00 - DEWEY DECIMAL CLASSIFICATION NUMBER
Classification number 577
Edition number 22
092 04 - LOCALLY ASSIGNED DEWEY CALL NUMBER (OCLC)
Classification number 577
Item number M7268 2005
Edition number 21
099 ## - LOCAL FREE-TEXT CALL NUMBER (OCLC)
Classification number 04
-- 577 M7268 2005
100 1# - MAIN ENTRY--PERSONAL NAME
Personal name Molles, Manuel C.
Fuller form of name (Manuel Carl),
Dates associated with a name 1948-
245 10 - TITLE STATEMENT
Title Ecology :
Remainder of title concepts and applications /
Statement of responsibility, etc. Manuel C. Molles, Jr.
250 ## - EDITION STATEMENT
Edition statement 3rd ed.
260 ## - PUBLICATION, DISTRIBUTION, ETC.
Place of publication, distribution, etc. Boston :
Name of publisher, distributor, etc. McGraw-Hill,
Date of publication, distribution, etc. c2005.
300 ## - PHYSICAL DESCRIPTION
Extent xviii, 622 p. :
Other physical details col. ill., col. maps ;
Dimensions 28 cm.
504 ## - BIBLIOGRAPHY, ETC. NOTE
Bibliography, etc. note Includes bibliographical references (p. 598-606)and index.
505 0# - FORMATTED CONTENTS NOTE
Formatted contents note Introduction : what is ecology? -- Natural history -- Life on land -- Life in water -- Individuals -- Temperature relations -- Water relations -- Energy and nutrient relations -- Social relations -- Population ecology -- Population genetics and natural selection -- Population distribution and abundance -- Population dynamics -- Population growth -- Life histories -- Interactions -- Competition -- Exploitation: predation, herbivory, parasitism, and disease -- Mutualism -- Communities and ecosystems -- Species abundance and diversity -- Food webs -- Primary production and energy flow -- Nutrient cycling and retention -- Succession and stability -- Large-scale ecology -- Landscape ecoloy -- Geographic ecology -- Global ecology.
650 #0 - SUBJECT ADDED ENTRY--TOPICAL TERM
Topical term or geographic name entry element Ecology.
856 41 - ELECTRONIC LOCATION AND ACCESS
Materials specified Table of contents
Uniform Resource Identifier <a href="http://www.loc.gov/catdir/toc/ecip0412/2003025674.html">http://www.loc.gov/catdir/toc/ecip0412/2003025674.html</a>
902 ## - LOCAL DATA ELEMENT B, LDB (RLIN)
No. of Items 1
905 ## - LOCAL DATA ELEMENT E, LDE (RLIN)
Cataloger Gehan
Reviser Rev.
905 ## - LOCAL DATA ELEMENT E, LDE (RLIN)
Cataloger Jamal
Reviser Cat.
942 ## - ADDED ENTRY ELEMENTS (KOHA)
Source of classification or shelving scheme Dewey Decimal Classification
Koha item type Books
المقتنيات
Source of classification or shelving scheme Not for loan Home library Current library Date acquired Full call number Barcode Date last seen Copy number Koha item type
Dewey Decimal Classification   المكتبة المركزبة الجديدة - جامعة القاهرة مخزن الكتب - البدروم 11.02.2024 577 M7268 2005 Store 01000110191383000 23.09.2023 C.1 Books
Cairo University Libraries Portal Implemented & Customized by: Eng. M. Mohamady Contacts: new-lib@cl.cu.edu.eg | cnul@cl.cu.edu.eg
CUCL logo CNUL logo
© All rights reserved — Cairo University Libraries
CUCL logo
Implemented & Customized by: Eng. M. Mohamady Contact: new-lib@cl.cu.edu.eg © All rights reserved — New Central Library
CNUL logo
Implemented & Customized by: Eng. M. Mohamady Contact: cnul@cl.cu.edu.eg © All rights reserved — Cairo National University Library